000 00863cab a22001935a 4500
001 L138500
008 070614s2007 xxk f s 000 0 eng d
035 _a(Sirsi) u138500
041 0 _aeng
100 1 _aFisher, Liz
245 0 2 _aA year of change
260 _c2007
490 _aAccountancy
_v139(1366), June 2007, 22-24(3)
520 _aPresents statistics from a survey of networks and associations of accountancy firms during the last year. Reports the fee incomes, number of member firms, presence, partners and professional staff employed by each firm. Identifies the changing nature of legal frameworks as the main change of the last year. Growth has been strong in Brazil, Russia, India and China. Reports on emerging networks.
590 _aKA
651 4 _aInternational
690 _aMANAGEMENT-BUSINESS MANAGEMENT-COMMUNICATION
942 _n0
999 _c78894
_d78894